Anime-Serien - Statistiken

Allgemein
  • Dieses Quiz wurde 296 mal gespielt
  • Das Durchschnittsergebnis liegt bei 33 aus 215
Antwortstatistiken
Antwort % Korrekt
Naruto
87%
One Piece
87%
Dragonball
72%
Attack on Titan
69%
Demon Slayer
69%
Pokemon
66%
Death Note
63%
Bleach
61%
K
60%
Hunter x Hunter
58%
Digimon
51%
Haikyu
51%
My Hero Academia
49%
Sword Art Online
49%
Assassination Classroom
46%
Black Clover
45%
Yugioh
45%
Tokyo Ghoul
44%
Fullmetal Alchemist
43%
Sailor Moon
43%
One Punch Man
40%
The Seven Deadly Sins
39%
Fairy Tail
38%
Black Butler
36%
Dr Stone
35%
Akame Ga Kill
33%
Code Geass
33%
Food Wars
33%
Free
33%
Elfen Lied
32%
Highschool DxD
32%
Monster
31%
Tokyo Revengers
31%
Vinland Saga
30%
Chainsaw Man
29%
Darling in the Franxx
29%
Fire Force
29%
Inuyasha
29%
Berserk
28%
Beyblade
28%
Cowboy Bebop
28%
Steins Gate
28%
Another
27%
Baki
27%
Neon Genesis Evangelion
27%
Re Zero
27%
Angel Beats
26%
The Promised Neverland
26%
Violet Evergarden
26%
Death Parade
24%
Spy x Family
24%
Erased
23%
Gintama
23%
Hellsing
23%
JoJo's Bizarre Adventure
23%
No Game No Life
23%
Fate
22%
Noragami
22%
Overlord
22%
Black Lagoon
21%
Blue Exorcist
21%
Charlotte
21%
K On
21%
Beastars
20%
Fruits Basket
20%
Detective Conan
19%
Goblin Slayer
19%
Kakegurui
19%
Mob Psycho 100
19%
Soul Eater
19%
Kill la Kill
18%
Parasyte
18%
Psycho Pass
18%
Anohana
17%
Date a Live
17%
Kuroko no Basket
17%
Ranma
17%
Seraph of the End
17%
Highschool of the Dead
16%
Magi
16%
Toradora
16%
Black Bullet
15%
Captain Tsubasa
15%
Konosuba
15%
Mirai Nikki
15%
Bungo Stray Dogs
14%
Durarara
14%
My Dress Up Darling
14%
Clannad
13%
Dororo
13%
Made in Abyss
13%
Blood +
12%
Horimiya
12%
Maid Sama
12%
Nana
12%
Bakugan
11%
Kaguya Sama
11%
That Time I Got Reincarnated as a Slime
11%
Afro Samurai
10%
Cyberpunk Edgerunners
10%
Darker Than Black
10%
Gantz
10%
Ghost in the Shell
10%
Hajime No Ippo
10%
Shaman King
10%
Terror in Tokyo
10%
Akira
9%
Btooom
9%
Gurren Lagann
9%
Samurai Champloo
9%
Blood C
8%
Golden Boy
8%
Log Horizon
8%
Rascal does not dream of Bunny Girl Senpai
8%
Rent a Girlfriend
8%
Guilty Crown
7%
Komi Can't Communicate
7%
Spice and Wolf
7%
Accel World
6%
Bakuman
6%
Chobits
6%
Danmachi
6%
Edens Zero
6%
Full Metal Panic
6%
Gate
6%
Gundam
6%
Monogatari
6%
Mushoku Tensei
6%
Nisekoi
6%
School Days
6%
Air
5%
BNA
5%
Eighty Six
5%
Lucky Star
5%
Ouran High School Host Club
5%
Akatsuki No Yona
4%
Arifureta
4%
Bastard
4%
Black Rock Shooter
4%
Blood Lad
4%
Bocchi the Rock
4%
Cardcaptor Sakura
4%
Claymore
4%
Ergo Proxy
4%
Great Teacher Onizuka
4%
Higurashi
4%
Persona
4%
Rosario Vampire
4%
The Testament of Sister New Devil
4%
Wolf's Rain
4%
Blend S
3%
Drifters
3%
Eureka Seven
3%
Jujustu Kaisen
3%
Megalo Box
3%
Plunderer
3%
The Ancient Magus Bride
3%
The Quintessential Quintuplets
3%
The Rising of Shield Hero
3%
World Trigger
3%
You lie in April
3%
A Certain Magical Index
2%
Air Gear
2%
Call of the Night
2%
Cells at Work
2%
Don't toy with me Miss Nagatoro
2%
Girls und Panzer
2%
Gleipnir
2%
Golden Kamuy
2%
How not to summon a Demon Lord
2%
Is this a Zombie
2%
Miss Kobayashi's Dragon Maid
2%
Platinum End
2%
Saga of Tanya the Evil
2%
xxxHolic
2%
Bofuri
1%
Demon King Daimao
1%
ef
1%
Ikki Tousen
1%
Kanon
1%
My Teen Romantic Comedy Snafu
1%
Puella Magi Madoka Magica
1%
Re Creators
1%
Summer Time Rendering
1%
The Familiar of Zero
1%
The Heroic Legend of Arslan
1%
The Misfit of Demon King Academy
1%
Toilet bound Hanako kun
1%
To Your Eternity
1%
Uzaki Chan wants to hang out
1%
Welcome to Demon School Iruma Kun
1%
Angelic Layer
0%
Captain Future
0%
Cautious Hero
0%
Escaflowne
0%
Haruhi Suzumiya
0%
Himouto Umaru Chan
0%
How a Realist Hero Rebuild the Kingdom
0%
Love Hina
0%
Lycoris Recoil
0%
Macross Frontier
0%
Magister Negi Magi
0%
Nekopara
0%
Phantasy Star Online
0%
Record of Lodoss War
0%
Sakura Wars
0%
Slayers Next
0%
Space Battleship Yamato
0%
The Desastrous Life of Saiki K
0%
The Garden of Sinners
0%
The Irregular at Magical Highschool
0%
The Vampire Dies in no Time
0%
Vermeil in Gold
0%
Wandering Witch
0%
Welcome to the N H K
0%
Keine übereinstimmenden Quizze gefunden
Verteilung der Resultate
Anzahl Personen mit jedem Resultat
Perzentil nach korrekt beantworteten Fragen
Ihre Resultats-Entwicklung
Sie haben dieses Quiz noch nicht gespielt